• 首页
  • 本馆介绍
  • 公告通知
  • 最新文献
  • 馆藏检索
  • 电子资源
  • 读者导购
  • 参考咨询
  • 我的图书馆
  • 登录
  • 详细信息显示
  • 放入我的书架
  • 预约/预借图书
  • 作者相关作品
  • 分类相关作品
  • 丛书相关作品
  • 出版社相关作品

书目信息

  • 表格格式
  • 工作单格式
  • 卡片格式
题名:
人品教育与课程建设
    
 
作者: 葛丽芳 主编
分册:  
出版信息: 上海   上海三联书店  2016
页数: 350页
开本: 26cm
丛书名: 中国记忆文库
单 册:
中图分类: G623.152
科图分类:
主题词: 思想品德课--教学研究--小学
电子资源:
ISBN: 978-7-5426-5659-9
000 01219oam2 2200265 450
001 7019
005 20180604161922.24
010    @a978-7-5426-5659-9@dCNY68.00
100    @a20161102d2016 em y0chiy50 ea
101 0  @achi
102    @aCN@b310000
105    @aa z 000yy
200 1  @a人品教育与课程建设@9ren pin jiao yu yu ke cheng jian she@e多元文化背景下学校人品教育课程的实施与研究@f葛丽芳主编
210    @a上海@c上海三联书店@d2016
215    @a350页@c图,照片@d26cm
225 1  @a中国记忆文库@f方立平总主编
314    @a葛丽芳 (1942-),女,中学高级教师,上海市德育特级教师。主要著作有《个性教育初探》《耘撷》《人品教育与多元文化》《人品教育之教师手记》《民办东展小学管理制度指南》《爱生活会做人》等。
330    @a本书共四章,主要内容包括:“人品教育课程”的整体设计、课程,让孩子拥有快乐童年、课堂,孕育人品的摇篮、教研,让教师收获专业成长。
461  0 @12001 @a中国记忆文库
517 1  @a多元文化背景下学校人品教育课程的实施与研究@9duo yuan wen hua bei jing xia xue xiao ren pin jiao yu ke cheng de shi shi yu yan jiu
606 0  @a思想品德课@x教学研究@x小学
690    @aG623.152@v5
701  0 @a葛丽芳@9ge li fang@f(1942-)@4主编
801  0 @aCN@b91MARC@c20161118
905    @aMuseLib@dG623.152@e456
    
    人品教育与课程建设:多元文化背景下学校人品教育课程的实施与研究/葛丽芳主编.-上海:上海三联书店,2016
    350页:图,照片;26cm.-(中国记忆文库/方立平总主编)
    
    
    ISBN 978-7-5426-5659-9:CNY68.00
    本书共四章,主要内容包括:“人品教育课程”的整体设计、课程,让孩子拥有快乐童年、课堂,孕育人品的摇篮、教研,让教师收获专业成长。
●
相关链接 在E读中查询图书 在五车中查询图书 在当当中查询图书 在豆瓣中查询图书


正题名:人品教育与课程建设     索取号:G623.152/456         预约/预借

序号 登录号 条形码 馆藏地/架位号 状态 备注
1 1003126   210031268   第一样本阅览室/ [索取号:G623.152/456] 在馆    
2 1003127   210031277   教育系资料室/ [索取号:G623.152/456] 在馆    
3 1003128   210031286   教育系资料室/ [索取号:G623.152/456] 在馆    
4 1003129   210031295   教育系资料室/ [索取号:G623.152/456] 在馆    
5 1003130   210031302   第四借阅区/ [索取号:G623.152/456] 在馆    
6 1003131   210031311   第四借阅区/ [索取号:G623.152/456] 在馆    
7 1116141   211161419   第四借阅区/ [索取号:G623.152/456] 在馆    
8 1116142   211161428   教育系资料室/ [索取号:G623.152/456] 在馆    
9 1116143   211161437   教育系资料室/ [索取号:G623.152/456] 在馆    
10 1116144   211161446   第四借阅区/ [索取号:G623.152/456] 在馆    
唐山师范学院图书馆 欢迎您!
大连网信软件有限公司© 版权所有